Clavier / (Record no. 125538)

MARC details
000 -LEADER
campo de control de longitud fija 00817nam a2200277 i 4500
001 - NÚMERO DE CONTROL
campo de control 125538
003 - IDENTIFICADOR DE NÚMERO DE CONTROL
campo de control ES-MaACL
005 - FECHA Y HORA DE LA ÚLTIMA TRANSACCIÓN
campo de control 20230906192641.0
007 - CAMPO FIJO DE DESCRIPCIÓN FÍSICA--INFORMACIÓN GENERAL
campo de control de longitud fija t|
008 - DATOS DE LONGITUD FIJA--INFORMACIÓN GENERAL
campo de control de longitud fija 070618s1989 fr ||||1| fre d
020 ## - NÚMERO INTERNACIONAL ESTÁNDAR DEL LIBRO
Número Internacional Estándar del Libro 2-907453-02-5
080 ## - NÚMERO DE LA CLASIFICACIÓN DECIMAL UNIVERSAL
Número de la Clasificación Decimal Universal 786.2
100 1# - ENTRADA PRINCIPAL--NOMBRE DE PERSONA
Nombre de persona Barli, Olivier.
9 (RLIN) 25689
245 10 - MENCIÓN DEL TÍTULO
Título Clavier /
Mención de responsabilidad, etc. Olivier Barli , Thierry Faradji , Claire Gillie-Guilbert.
260 ## - PUBLICACIÓN, DISTRIBUCIÓN, ETC.
Lugar de publicación, distribución, etc. Paris :
Nombre del editor, distribuidor, etc. JMG,
Fecha de publicación, distribución, etc. [1989]
300 ## - DESCRIPCIÓN FÍSICA
Extensión 63 p. :
Otras características físicas fot. ;
Dimensiones 23 cm.
490 1# - MENCIÓN DE SERIE
Mención de serie Son Programme ;
Designación de volumen o secuencia 3
500 ## - NOTA GENERAL
Nota general Biblioteca Jacinto Martínez Lacalle.
504 ## - NOTA DE BIBLIOGRAFÍA, ETC.
Nota de bibliografía, etc. Bibliografía: p. 59.
650 14 - PUNTO DE ACCESO ADICIONAL DE MATERIA--TÉRMINO DE MATERIA
Término de materia o nombre geográfico como elemento de entrada Piano.
9 (RLIN) 15993
700 1# - ENTRADA AGREGADA--NOMBRE PERSONAL
Nombre de persona Faradji, Thierry.
9 (RLIN) 48822
710 1# - ENTRADA AGREGADA--NOMBRE DE ENTIDAD CORPORATIVA
Nombre de entidad corporativa o nombre de jurisdicción como elemento de entrada Gillie-Guilbert, Claire.
9 (RLIN) 4472
830 0# - PUNTO DE ACCESO ADICIONAL DE SERIE-TÍTULO UNIFORME
Título uniforme Son Programme ;
Designación de volumen o secuencia 3
9 (RLIN) 186649
852 ## - LOCALIZACIÓN
Ubicación ES-MaACL
Número de control de estantería E-11709
Sublocalización o colección R.139722
Holdings
Estatus retirado Estado de pérdida Estado de daño No para préstamo Biblioteca de origen Biblioteca actual Ubicación en estantería Fecha de adquisición Fuente de adquisición Total de préstamos Signatura topográfica completa Código de barras Visto por última vez Precio de reemplazo Tipo de ítem Koha
        Biblioteca del Ateneo de Madrid Biblioteca del Ateneo de Madrid Depósito 2 17/01/2008     E-11709 1130777 23/02/2023 23/02/2023 Libro impreso